Biblioteca

Tres años con Jesús : (Registro nro. 43685)

Detalles MARC
000 -LÍDER
Campo fijo de descripción fija 01957aam a2200337 i 4500
001 - NÚMERO DE CONTROL
Campo de control 768714001
003 - IDENTIFICADOR DEL NÚMERO DE CONTROL
Campo de control CO-MdFUSB
005 - FECHA Y HORA DE LA ULTIMA TRANSACCIÓN
control field 20260119102857.0
007 - CAMPO FIJO DE DESCRIPCIÓN FIJA--INFORMACIÓN GENERAL
Campo fijo de descripción fija ta
008 - ELEMENTOS DE LONGITUD FIJA -- INFORMACIÓN GENERAL
Campo fijo de descripción fija -- Información general 260119t2005 cr |||| |||| 00| 0 spa d
020 ## - NÚMERO INTERNACIONAL NORMALIZADO PARA LIBROS
Número Internacional Normalizado del libro 9968-881-10-4
040 ## - FUENTE DE CATALOGACIÓN
Agencia que realiza la transcripción CO-MdFUSB
041 0# - CÓDIGO DE IDIOMA
Código de idioma para texto/pista de sonido o título separado spa
Código de idioma original eng
082 04 - NÚMERO DE CLASIFICACIÓN DECIMAL DEWEY
Número de la edición del Dewey 23
Número de clasificación 232.904
Clave de autor-Numero de item B8863t
100 1# - ASIENTO PRINCIPAL--NOMBRE PERSONAL
Nombre personal Bruce, A.B.
Término relacionador autor
240 ## - TITULO UNIFORME
Título uniforme <a href="Te Training of the Twelve ">Te Training of the Twelve </a>
245 10 - TÍTULO
Título del Material Tres años con Jesús :
Parte restante del título - Subtitulo la capacitación de los doce
Mención de responsabilidad, etc. / A. B. Bruce ; traducido por Carla Dongo Palacios
264 #1 - PRODUCCIÓN, PUBLICACIÓN, DISTRIBUCIÓN, MANUFACTURA, Y COPYRIGHT
Nombre del productor, publicador, distribuidor Desarrollo Cristiano Internacional,
Lugar de producción, publicación, distribución, manufactura San José, Costa Rica :
Fecha de producción, publicación, distribución, manufactura, o copyright [2005]
264 #4 - PRODUCCIÓN, PUBLICACIÓN, DISTRIBUCIÓN, MANUFACTURA, Y COPYRIGHT
Fecha de producción, publicación, distribución, manufactura, o copyright ©2005
300 ## - DESCRIPCIÓN FÍSICA
Extensión 2 Volúmenes
Dimensiones ; 21 cm
336 ## - TIPO DE CONTENIDO
Término de tipo de contenido texto
Código de tipo de contenido txt
Fuente rdacontent
337 ## - TIPO DE MEDIO
Fuente rdamedia
Nombre del tipo de medio sin mediación
Código del tipo de medio n
338 ## - TIPO DE SOPORTE
Fuente rdacarrier
Nombre del tipo de soporte volumen
Código Tipo de soporte nc
505 ## - NOTA DE CONTENIDO
Nota de contenido con formato preestablecido Vol. I: Los comienzos. -- Pescadores de hombres. -- Mateo el publicano. -- Los doce. -- Lo que vieron y oyeron. -- Lecciones sobre la oración. -- La naturaleza de la verdadera santidad. -- Los primeros intentos de evangelización. -- La crisis galilea. -- La levadura de los fariseos y de los saduceos. -- La confesión de Pedro. -- La primera lección sobre la cruz. -- La transfiguración. -- Jesús forja el carácter de los discípulos. -- Los hijos del trueno.<br/>Vol. II: La doctrina de la abnegación. -- Segunda lección sobre la doctrina de la cruz. -- Tercera lección sobre la doctrina de la cruz. -- Primeros frutos de los gentiles. -- Disertación sobre los últimos eventos. -- Otra lección sobre la humildad. -- Cuarta lección sobre la doctrina de la cruz. -- Judas Iscariote. -- El padre frente a la muerte, y los "hijitos" -- Últimas instrucciones a los futuros apóstoles. -- La oración intercesora. -- Las ovejas dispersas.
563 ## - NOTA DE ENCUADERNACIÓN
Nota de encuadernación Rústico
650 17 - ASIENTO SECUNDARIO DE MATERIA - TERMINO TEMÁTICO
Término temático o nombre geográfico como elemento de entrada Apóstoles
Fuente del encabezamiento o término embne
9 (RLIN) 2947
650 17 - ASIENTO SECUNDARIO DE MATERIA - TERMINO TEMÁTICO
Término temático o nombre geográfico como elemento de entrada Cristología
9 (RLIN) 239
700 ## - ASIENTO SECUNDARIO - NOMBRE PERSONAL
Nombre personal Dongo Palacios, Carla,
9 (RLIN) 11818
Responsabilidad traductor
942 ## - TIPO DE MATERIAL (KOHA)
Tipo de Item KOHA Libros General
945 ## - INFORMACIÓN LOCAL DEL REGISTRO
Catalogador JTF-925
Existencias
Estado de Material Estado de Perdido Forma de Clasificación Estado de Dañado No para Préstamo Colección Tomo Biblioteca de Origen Biblioteca Permanente Fecha de Adquisición Área Total de Préstamos Signatura Topográfica Código de Barras Última vez visto Última vez Préstado Ejemplar/Existencia Fecha de Remplazo Tipo de Material
    Dewey Decimal Classification     Colección General   Biblioteca FUSBC Biblioteca FUSBC 19/01/2026 TEOLOGÍA CRISTIANA 1 G 232.904 B8863t 16922 12/12/2019 09/11/2018 Vol. 2, ej. 1 26/01/2016 Libros General
    Dewey Decimal Classification     Colección General   Biblioteca FUSBC Biblioteca FUSBC 19/01/2026 TEOLOGÍA CRISTIANA 2 G 232.904 B8863t 16923 12/12/2019 09/11/2018 Vol. 1, ej. 1 26/01/2016 Libros General

Biblioteca FUSBC | Teléfono: (57+4) 349 88 10 Ext. 141| WhatsApp (+57) 3005338115 
E-mail: biblioteca@unisbc.edu.co | Calle 76 87-14 Robledo Palenque, Medellín, Colombia

Con tecnología Koha